[Event "Rochefort 2017 - Master - 18/2/17 - 24/2"]
[Site "Palais des Congrès"]
[Date "2017.02.18"]
[Round "1.1"]
[White "Cornette, Matthieu"]
[Black "Navrotescu, Andreea-Cristiana"]
[Result "1-0"]
[WhiteElo "2593"]
[BlackElo "2199"]
[PlyCount "89"]
[EventDate "2017.??.??"]

1. d4 Nf6 2. Bf4 g6 3. Nc3 d5 4. e3 Bg7 5. h4 O-O 6. h5 c5 7. hxg6 hxg6 8. Qf3
Qb6 9. O-O-O cxd4 10. Rxd4 Nc6 11. Ra4 Bf5 12. Bh6 d4 13. exd4 Bxh6+ 14. Rxh6
Nxd4 15. Qf4 Ne6 16. Qg3 Kg7 17. Rah4 Rh8 18. Rxh8 Rxh8 19. Nf3 Nh5 20. Qe5+
Nf6 21. Nd1 Qc5 22. Qxc5 Nxc5 23. Rxh8 Kxh8 24. Ne3 Bd7 25. Ne5 Be6 26. b4 Nce4
27. f3 Nc3 28. Kd2 Nb1+ 29. Kd3 b5 30. c4 Na3 31. c5 Bxa2 32. c6 Ne8 33. Kc3
Be6 34. Kb2 Nc4+ 35. N3xc4 bxc4 36. Kc3 Nc7 37. Bxc4 Kg7 38. Bxe6 Nxe6 39. Kc4
f6 40. Nd3 Nc7 41. Nf4 e6 42. Kc5 g5 43. Ne2 Ne8 44. Nd4 e5 45. Ne6+ 1-0

[Event "Rochefort 2017 - Master - 18/2/17 - 24/2"]
[Site "Palais des Congrès"]
[Date "2017.02.18"]
[Round "1.2"]
[White "Peric, Slavisa"]
[Black "Nikolov, Momchil"]
[Result "0-1"]
[WhiteElo "2162"]
[BlackElo "2563"]
[PlyCount "82"]
[EventDate "2017.??.??"]

1. d4 Nf6 2. Nf3 e6 3. c4 c5 4. e3 cxd4 5. exd4 d5 6. Nc3 Be7 7. Bd3 dxc4 8.
Bxc4 O-O 9. O-O Nbd7 10. Qe2 Nb6 11. Bb3 Bd7 12. Ne5 Bc6 13. Rd1 Rc8 14. Bg5
Nfd5 15. Bxe7 Nxe7 16. Rd3 Nbd5 17. Qd2 b6 18. Rh3 Bb7 19. Re1 Nf5 20. Rd1 a6
21. Ne4 f6 22. Ng4 Qc7 23. Ng3 Nfe7 24. Ne2 Qc6 25. Rf3 Ng6 26. Rc1 Qd6 27.
Rxc8 Rxc8 28. Rg3 f5 29. Ne5 Nxe5 30. dxe5 Qxe5 31. h4 Kh8 32. Nd4 h6 33. Bd1
Rc4 34. Nf3 Qf4 35. Qxf4 Nxf4 36. Kh2 Bd5 37. Bb3 Re4 38. Ng1 Nh5 39. Rh3 Bxb3
40. axb3 Kg8 41. f3 Rb4 0-1

[Event "Rochefort 2017 - Master - 18/2/17 - 24/2"]
[Site "Palais des Congrès"]
[Date "2017.02.18"]
[Round "1.3"]
[White "Stupak, Kirill"]
[Black "El Mchaouri Mas, Younes"]
[Result "1-0"]
[WhiteElo "2542"]
[BlackElo "2151"]
[PlyCount "97"]
[EventDate "2017.??.??"]

1. d4 Nf6 2. g3 d5 3. Bg2 c6 4. c4 dxc4 5. a4 e5 6. Nf3 exd4 7. Qxd4 Qxd4 8.
Nxd4 Bc5 9. Nc2 Be6 10. Be3 Na6 11. Nd2 Rd8 12. a5 Bd5 13. f3 Nb4 14. O-O-O
Na2+ 15. Kb1 Bxe3 16. Nxe3 c3 17. Ndc4 c2+ 18. Kxc2 Nb4+ 19. Kb3 Na6 20. Nxd5
cxd5 21. Na3 O-O 22. e3 b6 23. axb6 Rb8 24. Ka2 Rxb6 25. Rhe1 Rfb8 26. Re2 Nc5
27. Rc2 Na4 28. Rdd2 d4 29. e4 d3 30. Rxd3 Rxb2+ 31. Ka1 h5 32. e5 Rxc2 33.
Nxc2 Rb2 34. Ne3 Ne8 35. f4 Nc7 36. Rd8+ Kh7 37. Be4+ g6 38. Bc2 Rb4 39. Rd7
Nb5 40. Rxf7+ Kg8 41. Rb7 Nc5 42. Rb8+ Kg7 43. f5 Nb3+ 44. Bxb3 Rxb3 45. f6+
Kf7 46. Rb7+ Kf8 47. e6 Nd4 48. Rf7+ Ke8 49. Nd5 1-0

[Event "Rochefort 2017 - Master - 18/2/17 - 24/2"]
[Site "Palais des Congrès"]
[Date "2017.02.18"]
[Round "1.4"]
[White "Serralta, Michel"]
[Black "Demuth, Adrien"]
[Result "1/2-1/2"]
[WhiteElo "2133"]
[BlackElo "2525"]
[PlyCount "95"]
[EventDate "2017.??.??"]

1. d4 Nf6 2. c4 e6 3. Nc3 Bb4 4. e3 O-O 5. Bd3 c5 6. Nf3 b6 7. d5 exd5 8. cxd5
Bb7 9. e4 c4 10. Bc2 Re8 11. O-O Bxc3 12. bxc3 Nxe4 13. Bxe4 Rxe4 14. Ng5 Re7
15. Qh5 h6 16. d6 Re5 17. Qxf7+ Kh8 18. Nh3 Qe8 19. Qxe8+ Rxe8 20. Bd2 Nc6 21.
Rae1 Kg8 22. f4 Kf7 23. Nf2 Re6 24. f5 Re5 25. Ng4 Rd5 26. Bf4 Rxf5 27. Ne3 Rc5
28. Bxh6+ Kg8 29. Bf4 Re8 30. Ng4 Rxe1 31. Rxe1 Ra5 32. Re2 Ra3 33. Ne5 Rxc3
34. Nxd7 Rd3 35. Nb8 Nxb8 36. Re8+ Kf7 37. Rxb8 Be4 38. Rc8 c3 39. Rc7+ Kf6 40.
h4 c2 41. Kf2 Kf5 42. Rf7+ Kg4 43. Bg5 Bf5 44. Rxa7 g6 45. Ra4+ Kh5 46. Rc4
Rxd6 47. g4+ Bxg4 48. Rxc2 1/2-1/2

[Event "Rochefort 2017 - Master - 18/2/17 - 24/2"]
[Site "Palais des Congrès"]
[Date "2017.02.18"]
[Round "1.5"]
[White "Yuffa, Daniil"]
[Black "Flachet, Thierry"]
[Result "1-0"]
[WhiteElo "2519"]
[BlackElo "2117"]
[PlyCount "43"]
[EventDate "2017.??.??"]

1. d4 d5 2. c4 c6 3. Nc3 Nf6 4. Nf3 a6 5. Bg5 Ne4 6. Bh4 Qa5 7. e3 Bf5 8. Qb3
Nd7 9. Rc1 Nxc3 10. bxc3 e6 11. c5 Ra7 12. Be2 b6 13. O-O bxc5 14. dxc5 Bxc5
15. Nd4 Bxd4 16. cxd4 O-O 17. Rxc6 h6 18. Bg3 Nf6 19. f3 Qd2 20. Kf2 a5 21. Bd6
a4 22. Qa3 1-0

[Event "Rochefort 2017 - Master - 18/2/17 - 24/2"]
[Site "Palais des Congrès"]
[Date "2017.02.18"]
[Round "1.6"]
[White "Boulet, Philippe"]
[Black "Maiorov, Nikita"]
[Result "1-0"]
[WhiteElo "2100"]
[BlackElo "2511"]
[PlyCount "75"]
[EventDate "2017.??.??"]

1. d4 Nf6 2. c4 e6 3. Nc3 Bb4 4. Qc2 O-O 5. a3 Bxc3+ 6. Qxc3 Qe8 7. f3 d6 8.
Bg5 Nfd7 9. e3 e5 10. Be2 Nc6 11. Nh3 b6 12. O-O a5 13. Rae1 a4 14. f4 Ba6 15.
Nf2 Na5 16. Bd3 f6 17. Bh4 Qf7 18. Rc1 exd4 19. exd4 Rae8 20. Qc2 Qh5 21. Qxa4
Qxh4 22. Qxd7 Qxf4 23. Rce1 Rxe1 24. Rxe1 Bc8 25. Qxc7 Qxd4 26. b4 Nb3 27. Be4
Be6 28. Qe7 Bxc4 29. Bxh7+ Kxh7 30. Qxf8 Qd2 31. Qe8 Bf7 32. Qe7 Kg8 33. Rd1
Qc3 34. Qxd6 Nc1 35. Qd2 Qxd2 36. Rxd2 b5 37. Ne4 Bc4 38. Nd6 1-0

[Event "Rochefort 2017 - Master - 18/2/17 - 24/2"]
[Site "Palais des Congrès"]
[Date "2017.02.18"]
[Round "1.7"]
[White "Enchev, Ivajlo"]
[Black "David, Bogdan-Emanuel"]
[Result "1-0"]
[WhiteElo "2464"]
[BlackElo "2097"]
[PlyCount "111"]
[EventDate "2017.??.??"]

1. Nf3 g6 2. c4 Bg7 3. Nc3 d6 4. d4 Bg4 5. e3 Nf6 6. Be2 c6 7. h3 Bf5 8. g4 Be4
9. g5 Bxf3 10. Bxf3 Nfd7 11. h4 e6 12. Ne4 Qe7 13. Qb3 d5 14. Nc3 Nb6 15. c5
Nc4 16. Be2 e5 17. Bxc4 dxc4 18. Qxc4 exd4 19. Ne2 d3 20. Nf4 Na6 21. Bd2 O-O-O
22. O-O-O Qxc5 23. Qxc5 Nxc5 24. f3 Rhe8 25. e4 Ne6 26. Rhe1 Nxf4 27. Bxf4 Rd4
28. b3 Red8 29. Be3 Rb4 30. Kd2 a5 31. Rc1 a4 32. Rc4 Bf8 33. Rb1 axb3 34. axb3
Rb5 35. Rd4 Rxd4 36. Bxd4 Bd6 37. Kxd3 Bg3 38. Kc4 Bxh4 39. f4 h6 40. gxh6 Rh5
41. Bg7 Bg3 42. Rf1 Kd7 43. Kd4 Kd6 44. Ke3 Bh4 45. Kf3 Be7 46. Kg2 Ke6 47. f5+
gxf5 48. exf5+ Kd5 49. f6 Bd6 50. Rh1 Rg5+ 51. Kf3 Rg3+ 52. Kf2 Ke4 53. h7 Rf3+
54. Ke2 Re3+ 55. Kd1 Rd3+ 56. Kc2 1-0

[Event "Rochefort 2017 - Master - 18/2/17 - 24/2"]
[Site "Palais des Congrès"]
[Date "2017.02.18"]
[Round "1.8"]
[White "Bourges, Jerome"]
[Black "Velten, Paul"]
[Result "0-1"]
[WhiteElo "2095"]
[BlackElo "2456"]
[PlyCount "78"]
[EventDate "2017.??.??"]

1. d4 Nf6 2. c4 e6 3. Nf3 d5 4. Nc3 Bb4 5. Qb3 Nc6 6. Bg5 dxc4 7. Qxc4 h6 8.
Bh4 g5 9. Bg3 g4 10. Nd2 h5 11. O-O-O Nd5 12. e4 Na5 13. Qd3 Nxc3 14. bxc3 Ba3+
15. Kb1 c5 16. Nc4 Nxc4 17. Qxc4 Qb6+ 18. Qb5+ Bd7 19. Qxb6 axb6 20. h3 cxd4
21. cxd4 Rg8 22. hxg4 hxg4 23. Be2 Ra4 24. Rd3 Bc6 25. d5 Rb4+ 26. Rb3 Rxb3+
27. axb3 exd5 28. Kc2 dxe4 29. Ra1 Bf8 30. Ra8+ Ke7 31. Bc7 b5 32. Ba5 f5 33.
Bb4+ Kf7 34. Rxf8+ Rxf8 35. Bxf8 Kxf8 36. Kc3 e3 37. f3 Bxf3 38. gxf3 g3 39.
Bf1 e2 0-1

[Event "Rochefort 2017 - Master - 18/2/17 - 24/2"]
[Site "Palais des Congrès"]
[Date "2017.02.18"]
[Round "1.9"]
[White "Inkiov, Ventzislav"]
[Black "Faber, Michel"]
[Result "1-0"]
[WhiteElo "2447"]
[BlackElo "2080"]
[PlyCount "61"]
[EventDate "2017.??.??"]

1. d4 Nf6 2. c4 e6 3. Nf3 c5 4. e3 d6 5. Nc3 Be7 6. Bd3 Nbd7 7. O-O b6 8. b3
Bb7 9. Bb2 O-O 10. Qe2 Rc8 11. Rad1 Qc7 12. e4 cxd4 13. Nxd4 Rfe8 14. f4 Bf8
15. Nf3 e5 16. fxe5 dxe5 17. Nd5 Bc5+ 18. Kh1 Qd6 19. Nh4 Bxd5 20. Nf5 Qf8 21.
cxd5 g6 22. Ng3 h5 23. Qf3 Ng4 24. Bb5 Red8 25. Bc1 Bd4 26. Ne2 Rc7 27. h3 f5
28. exf5 e4 29. Qxe4 Nf2+ 30. Rxf2 Bxf2 31. Qe6+ 1-0

[Event "Rochefort 2017 - Master - 18/2/17 - 24/2"]
[Site "Palais des Congrès"]
[Date "2017.02.18"]
[Round "1.10"]
[White "Valette, Christian"]
[Black "Daulyte, Deimante"]
[Result "0-1"]
[WhiteElo "2077"]
[BlackElo "2447"]
[PlyCount "70"]
[EventDate "2017.??.??"]

1. d4 Nf6 2. Nf3 e6 3. e3 d5 4. Bd3 c5 5. b3 Nc6 6. Bb2 b6 7. Nbd2 Bb7 8. a3
Bd6 9. Ne5 O-O 10. f4 Ne7 11. O-O Ne4 12. Qe2 f6 13. Ng4 Qd7 14. Rad1 Nxd2 15.
Rxd2 Qc7 16. h3 Nf5 17. Bxf5 exf5 18. Nh2 Rae8 19. Qf2 Re4 20. Rdd1 Rfe8 21.
Rfe1 Qe7 22. Nf3 Rxe3 23. g3 Re4 24. Rxe4 dxe4 25. Nh4 e3 26. Qe2 Qe4 27. Ng2
cxd4 28. Bxd4 Bxa3 29. c3 Bc5 30. Bxc5 bxc5 31. Kh2 Kf8 32. Re1 g5 33. Kg1 Rd8
34. Qb5 Rd2 35. Qf1 Rf2 0-1

[Event "Rochefort 2017 - Master - 18/2/17 - 24/2"]
[Site "Palais des Congrès"]
[Date "2017.02.18"]
[Round "2.1"]
[White "Bedouin, Xavier"]
[Black "Cornette, Matthieu"]
[Result "0-1"]
[WhiteElo "2348"]
[BlackElo "2593"]
[PlyCount "70"]
[EventDate "2017.??.??"]

1. e4 d6 2. d4 Nf6 3. Nc3 e5 4. Nf3 Nbd7 5. Bc4 Be7 6. a4 O-O 7. O-O exd4 8.
Nxd4 Nb6 9. Ba2 a5 10. h3 Nfd7 11. Be3 Nc5 12. Qh5 g6 13. Qf3 Bg5 14. e5 Bxe3
15. Qxe3 d5 16. Rad1 Ne6 17. Nf3 c6 18. Ne4 Nd7 19. Bxd5 cxd5 20. Rxd5 Qe7 21.
Rfd1 Kg7 22. Nd6 Nb8 23. Nd2 Nc7 24. Rc5 b6 25. Rc4 Be6 26. Re4 Nd7 27. Nf3 Nd5
28. Qd2 Rad8 29. Nc4 Nb4 30. Qe2 Nc5 31. Red4 Rxd4 32. Rxd4 Nc6 33. Rd1 Bxc4
34. Qxc4 Nxe5 35. Qc3 f6 0-1

[Event "Rochefort 2017 - Master - 18/2/17 - 24/2"]
[Site "Palais des Congrès"]
[Date "2017.02.18"]
[Round "2.2"]
[White "Nikolov, Momchil"]
[Black "Shirazi, Kamran"]
[Result "1-0"]
[WhiteElo "2563"]
[BlackElo "2331"]
[PlyCount "71"]
[EventDate "2017.??.??"]

1. d4 Nf6 2. c4 e6 3. Nc3 Bb4 4. Qc2 O-O 5. a3 Bxc3+ 6. Qxc3 b6 7. Nf3 c5 8. e3
Bb7 9. Be2 Qe7 10. O-O Na6 11. b3 Rac8 12. Bb2 d5 13. Qd3 dxc4 14. bxc4 Be4 15.
Qb3 Rfd8 16. Rac1 Nb8 17. Rfd1 Nc6 18. Bc3 Rc7 19. Qb2 Rcd7 20. h3 h6 21. dxc5
Rxd1+ 22. Rxd1 Rxd1+ 23. Bxd1 Qxc5 24. Be2 Ne8 25. Nd2 Bg6 26. Qb5 Qxa3 27.
Qxc6 Qxc3 28. Qxe8+ Kh7 29. Qd7 a5 30. Nf3 e5 31. Kh2 Bc2 32. Qxf7 a4 33. c5
Qxc5 34. Bc4 Qc8 35. Ng5+ Kh8 36. Ne6 1-0

[Event "Rochefort 2017 - Master - 18/2/17 - 24/2"]
[Site "Palais des Congrès"]
[Date "2017.02.18"]
[Round "2.3"]
[White "Lemeaux, David"]
[Black "Stupak, Kirill"]
[Result "0-1"]
[WhiteElo "2347"]
[BlackElo "2542"]
[PlyCount "100"]
[EventDate "2017.??.??"]

1. c4 Nf6 2. Nc3 g6 3. e4 d6 4. d4 Bg7 5. f3 O-O 6. Bg5 c6 7. Qd2 a6 8. Bd3 b5
9. cxb5 axb5 10. Nge2 Nbd7 11. O-O Qb6 12. Be3 b4 13. Nd1 c5 14. Nf2 Ba6 15.
Rfc1 Rfc8 16. dxc5 Nxc5 17. Rc2 Bxd3 18. Nxd3 b3 19. Rcc1 Rxa2 20. Nc3 Rxa1 21.
Rxa1 Qb7 22. Nxc5 dxc5 23. Ra5 Nd7 24. Rb5 Qc6 25. Rxb3 e6 26. Qe2 Ne5 27. f4
Nd3 28. e5 Bf8 29. Ne4 c4 30. Nf6+ Kg7 31. Rxd3 cxd3 32. Qxd3 Bc5 33. h4 Bxe3+
34. Qxe3 Qc1+ 35. Qxc1 Rxc1+ 36. Kh2 Rc2 37. h5 gxh5 38. Kh3 Kg6 39. g3 Rxb2
40. Ne4 Ra2 41. Nf6 h6 42. Ne8 Rd2 43. Nf6 Rd3 44. Ne8 Rd1 45. Nc7 Rh1+ 46. Kg2
Rc1 47. Ne8 h4 48. gxh4 Kf5 49. Nd6+ Kxf4 50. Nxf7 h5 0-1

[Event "Rochefort 2017 - Master - 18/2/17 - 24/2"]
[Site "Palais des Congrès"]
[Date "2017.02.18"]
[Round "2.4"]
[White "Le Ruyet, Leopold"]
[Black "Yuffa, Daniil"]
[Result "1-0"]
[WhiteElo "2303"]
[BlackElo "2519"]
[PlyCount "69"]
[EventDate "2017.??.??"]

1. Nf3 c5 2. g3 Nc6 3. Bg2 g6 4. c4 Bg7 5. O-O e6 6. Nc3 Nge7 7. d4 cxd4 8. Nb5
Nf5 9. g4 a6 10. gxf5 axb5 11. cxb5 Ne7 12. fxg6 hxg6 13. Nxd4 d5 14. Nf3 Bd7
15. Qb3 Qa5 16. a4 Bxb5 17. Bd2 Bc4 18. Qa3 Qb6 19. Bc3 d4 20. Bb4 Nc6 21. Bc5
Qa6 22. b4 b5 23. Nd2 Bxe2 24. Bxc6+ Qxc6 25. axb5 Rxa3 26. bxc6 Rxa1 27. Rxa1
f5 28. Ra8+ Kf7 29. Ra7+ Kf6 30. Rxg7 Kxg7 31. Bxd4+ Kg8 32. Bxh8 Kxh8 33. c7
Ba6 34. b5 Bc8 35. Nc4 1-0

[Event "Rochefort 2017 - Master - 18/2/17 - 24/2"]
[Site "Palais des Congrès"]
[Date "2017.02.18"]
[Round "2.5"]
[White "Pytel, Krzysztof"]
[Black "Enchev, Ivajlo"]
[Result "0-1"]
[WhiteElo "2295"]
[BlackElo "2464"]
[PlyCount "64"]
[EventDate "2017.??.??"]

1. d4 Nf6 2. Nf3 d5 3. e3 c5 4. c3 Nc6 5. dxc5 e5 6. Bb5 Qc7 7. b4 Bg4 8. h3
Bh5 9. g4 Bg6 10. Bb2 a6 11. Be2 Rd8 12. Nbd2 Be7 13. Qb3 O-O 14. Nh4 d4 15.
Nxg6 hxg6 16. exd4 exd4 17. O-O Nd5 18. cxd4 Nf4 19. Bc4 Nxd4 20. Bxd4 Rxd4 21.
Rfd1 Bf6 22. Nf3 Nxh3+ 23. Kf1 Rxg4 24. Rac1 Nxf2 25. Rd6 Ne4 26. Qd3 Nxd6 27.
cxd6 Qd7 28. Bb3 Rg3 29. Ke2 Re8+ 30. Kd1 Rxf3 31. Qxf3 Qxd6+ 32. Kc2 Qd4 0-1

[Event "Rochefort 2017 - Master - 18/2/17 - 24/2"]
[Site "Palais des Congrès"]
[Date "2017.02.18"]
[Round "2.6"]
[White "Velten, Paul"]
[Black "Le Goff, Ronan"]
[Result "1-0"]
[WhiteElo "2456"]
[BlackElo "2287"]
[PlyCount "175"]
[EventDate "2017.??.??"]

1. d4 Nf6 2. Nf3 e6 3. e3 c5 4. c3 b6 5. Nbd2 Bb7 6. Bd3 Be7 7. O-O Nc6 8. a3
Qc7 9. e4 d5 10. e5 Nd7 11. Re1 c4 12. Bc2 b5 13. Nf1 h6 14. h4 a5 15. h5 O-O-O
16. b3 cxb3 17. Bxb3 a4 18. Bc2 Nb6 19. N3d2 Rdf8 20. Qg4 Nd8 21. Re3 f5 22.
exf6 gxf6 23. Nf3 Bc6 24. Re2 Bd7 25. Bg6 Nb7 26. Qh4 Nc4 27. Ne3 Nba5 28. Nxc4
Qxc4 29. Raa2 Qc6 30. Bf4 Nc4 31. Bc1 Bd8 32. Ne1 Ba5 33. Rac2 Qd6 34. Nd3 Bb6
35. Ra2 Kb7 36. Bf4 Qc6 37. Re1 Ka7 38. Nb4 Qb7 39. Bc1 Nd6 40. Rae2 Qc8 41.
Qh3 Ba5 42. Qg3 Nc4 43. Qf3 Nb6 44. Rc2 Nc4 45. Nd3 Bb6 46. Nf4 Bc7 47. Rce2
Bxf4 48. Qxf4 Qb8 49. Qg4 f5 50. Qh4 Qd6 51. Bf4 Qc6 52. Qe7 Ka8 53. Bxh6 Rb8
54. Bf4 Rb7 55. Qg7 Rc8 56. h6 e5 57. Bc1 e4 58. h7 Be8 59. Bxf5 Rxg7 60. h8=Q
Qf6 61. Qh3 Rcc7 62. f3 Nd6 63. fxe4 dxe4 64. Rf1 Nxf5 65. Rxf5 Qe6 66. Ref2
Bd7 67. Rf8+ Kb7 68. Qe3 Bc6 69. R8f6 Qg4 70. Bd2 Qd1+ 71. Be1 Rg3 72. Qe2 Qb1
73. Rf1 Rgg7 74. c4 bxc4 75. d5 Bxd5 76. Bc3 Qb3 77. Qd2 Bc6 78. Rxc6 Rxc6 79.
Bxg7 c3 80. Qe3 c2 81. Qxe4 Qb5 82. Bh6 Ka6 83. Bc1 Qc5+ 84. Be3 Qb5 85. Qd4
Rc7 86. Rf6+ Kb7 87. Rb6+ Ka8 88. Qd8+ 1-0

[Event "Rochefort 2017 - Master - 18/2/17 - 24/2"]
[Site "Palais des Congrès"]
[Date "2017.02.18"]
[Round "2.7"]
[White "Gavasheli, Ana"]
[Black "Inkiov, Ventzislav"]
[Result "0-1"]
[WhiteElo "2232"]
[BlackElo "2447"]
[PlyCount "65"]
[EventDate "2017.??.??"]

1. Nf3 d5 2. g3 c5 3. Bg2 Nc6 4. d3 e5 5. O-O Nf6 6. c4 Be7 7. Nc3 d4 8. Ne4
Nxe4 9. dxe4 O-O 10. Ne1 a6 11. a4 Be6 12. b3 b5 13. f4 f6 14. cxb5 axb5 15. f5
Bf7 16. g4 bxa4 17. bxa4 Na5 18. Rf3 c4 19. h4 Nb3 20. Rxb3 cxb3 21. Nd3 Qd7
22. a5 Qb5 23. Bd2 b2 24. Rb1 Ba3 25. Nb4 Bc4 26. Nc2 Bc5 27. e3 Qb3 28. Bf1
Bxf1 29. Kxf1 Rfd8 30. exd4 Bxd4 31. Nxd4 Qxd1+ 32. Rxd1 Rxd4 33. Be3 0-1

[Event "Rochefort 2017 - Master - 18/2/17 - 24/2"]
[Site "Palais des Congrès"]
[Date "2017.02.18"]
[Round "2.8"]
[White "Daulyte, Deimante"]
[Black "Heinemann, Josefine"]
[Result "1-0"]
[WhiteElo "2447"]
[BlackElo "2231"]
[PlyCount "55"]
[EventDate "2017.??.??"]

1. e4 c5 2. Nc3 d6 3. f4 g6 4. Nf3 Bg7 5. Bb5+ Bd7 6. Bc4 Nc6 7. d3 e6 8. f5
gxf5 9. O-O Nge7 10. Ng5 Ne5 11. Qh5 N7g6 12. exf5 exf5 13. Re1 Kf8 14. Bd5 Rb8
15. Bd2 Qe7 16. Nxf7 Be6 17. Nxh8 Bxh8 18. Bxe6 Qxe6 19. Qxh7 Bg7 20. Bh6 Bxh6
21. Qxh6+ Kf7 22. Qh7+ Kf6 23. Rf1 d5 24. Rae1 b5 25. Qxa7 Rg8 26. Qxc5 Nh4 27.
Nxd5+ Kf7 28. Qc7+ 1-0

[Event "Rochefort 2017 - Master - 18/2/17 - 24/2"]
[Site "Palais des Congrès"]
[Date "2017.02.18"]
[Round "2.9"]
[White "Meunier-Pion, Jean"]
[Black "Favarel, Antoine"]
[Result "0-1"]
[WhiteElo "2232"]
[BlackElo "2423"]
[PlyCount "60"]
[EventDate "2017.??.??"]

1. e4 c5 2. Nf3 Nc6 3. Bb5 g6 4. O-O Bg7 5. Re1 Nf6 6. c3 O-O 7. d4 d5 8. exd5
Qxd5 9. c4 Qd6 10. d5 Nd4 11. Nxd4 cxd4 12. h3 a6 13. Ba4 b5 14. cxb5 axb5 15.
Bxb5 Qxd5 16. Be2 e5 17. Nd2 e4 18. Bc4 Qc6 19. b4 e3 20. fxe3 dxe3 21. Rxe3
Ng4 22. hxg4 Bxa1 23. Qc2 Qb6 24. Nb3 Bg7 25. Qf2 Bxg4 26. Bxf7+ Rxf7 27. Re8+
Rxe8 28. Qxb6 Re1+ 29. Kh2 Be5+ 30. g3 Bf3 0-1

[Event "Rochefort 2017 - Master - 18/2/17 - 24/2"]
[Site "Palais des Congrès"]
[Date "2017.02.18"]
[Round "2.10"]
[White "Do, Huu-Thi"]
[Black "Haub, Thorsten Michael"]
[Result "0-1"]
[WhiteElo "2229"]
[BlackElo "2397"]
[PlyCount "130"]
[EventDate "2017.??.??"]

1. d4 d6 2. Bg5 Nd7 3. Nd2 Ngf6 4. e3 e5 5. c3 Be7 6. Bd3 O-O 7. Qb1 h6 8. Bxf6
Bxf6 9. Ngf3 d5 10. dxe5 Nxe5 11. Nxe5 Bxe5 12. Nf3 Bd6 13. Bf5 Be6 14. Qc2 Qf6
15. Nd4 c5 16. Nxe6 fxe6 17. Bh3 Rae8 18. O-O Rf7 19. g3 c4 20. Rad1 Bc5 21.
Kh1 b5 22. b4 Bb6 23. a4 bxa4 24. Qxa4 Ref8 25. Qc2 a5 26. b5 Re7 27. Bg2 Qe5
28. Rfe1 Qc7 29. f4 Qc5 30. Qa4 Rd8 31. e4 d4 32. cxd4 Rxd4 33. Rxd4 Qxd4 34.
e5 Rd7 35. f5 exf5 36. Qa3 Qc5 37. Qf3 Qf2 38. Qxf2 Bxf2 39. e6 Re7 40. Rc1 Kf8
41. Rf1 Bb6 42. Rxf5+ Ke8 43. Bc6+ Kd8 44. Bd7 Rxd7 45. exd7 Kxd7 46. Rf4 Kd6
47. Rxc4 Bc5 48. Kg2 Kd5 49. Rc2 a4 50. Kf3 a3 51. h4 Bd4 52. Ra2 Bb2 53. Kg4
Kc5 54. Kh5 Kxb5 55. Rxa3 Bxa3 56. Kg6 Bb2 57. g4 Kc6 58. g5 hxg5 59. Kxg5 Bc1+
60. Kf5 Kd5 61. Kg6 Bh6 62. Kf5 Kd6 63. Kg6 Ke5 64. Kh5 Kf4 65. Kg6 Kg4 0-1

[Event "Rochefort 2017 - Master - 18/2/17 - 24/2"]
[Site "Palais des Congrès"]
[Date "2017.02.18"]
[Round "3.1"]
[White "Cornette, Matthieu"]
[Black "Colin, Vincent"]
[Result "0-1"]
[WhiteElo "2593"]
[BlackElo "2372"]
[PlyCount "48"]
[EventDate "2017.??.??"]

1. e4 e5 2. Nf3 Nc6 3. Bc4 Bc5 4. O-O d6 5. c3 Qf6 6. d4 exd4 7. Bg5 Qg6 8. Qd2
f6 9. Bf4 Ne5 10. Be2 d3 11. Bd1 Ne7 12. Re1 O-O 13. Nxe5 Bxf2+ 14. Qxf2 fxe5
15. Qh4 exf4 16. Qxe7 Bh3 17. Bf3 Bxg2 18. Kf2 Bxf3 19. Rg1 Qh6 20. Kxf3 Rf7
21. Qg5 Qh3+ 22. Kf2 Qe3+ 23. Kg2 Qxe4+ 24. Kh3 Qf3+ 0-1

[Event "Rochefort 2017 - Master - 18/2/17 - 24/2"]
[Site "Palais des Congrès"]
[Date "2017.02.18"]
[Round "3.2"]
[White "Favarel, Antoine"]
[Black "Nikolov, Momchil"]
[Result "0-1"]
[WhiteElo "2423"]
[BlackElo "2563"]
[PlyCount "78"]
[EventDate "2017.??.??"]

1. c4 Nf6 2. Nc3 c5 3. e4 Nc6 4. g3 g6 5. Bg2 Bg7 6. Nge2 O-O 7. O-O Ne8 8. a3
d6 9. Rb1 Nc7 10. b4 b6 11. b5 Nd4 12. Nxd4 cxd4 13. Nd5 Ne6 14. d3 Nc5 15. f4
Bb7 16. Nb4 a5 17. bxa6 Bxa6 18. Rb2 Bb7 19. Rbf2 Qd7 20. f5 b5 21. cxb5 Qxb5
22. g4 Be5 23. Bh6 f6 24. fxg6 hxg6 25. Bxf8 Kxf8 26. g5 Kg7 27. Qg4 Rh8 28.
gxf6+ exf6 29. h3 Bc8 30. Qe2 Bxh3 31. Bxh3 Rxh3 32. Rg2 Qd7 33. Rf3 Rh4 34.
Qf2 Rh8 35. Nd5 Rb8 36. Qf1 Qe6 37. Nf4 Bxf4 38. Rxf4 Nd7 39. a4 Ra8 0-1

[Event "Rochefort 2017 - Master - 18/2/17 - 24/2"]
[Site "Palais des Congrès"]
[Date "2017.02.18"]
[Round "3.3"]
[White "Stupak, Kirill"]
[Black "Ollier, Pablo"]
[Result "1-0"]
[WhiteElo "2542"]
[BlackElo "2359"]
[PlyCount "66"]
[EventDate "2017.??.??"]

1. d4 Nf6 2. c4 e6 3. g3 d5 4. Bg2 Bb4+ 5. Nc3 O-O 6. cxd5 exd5 7. e3 c6 8.
Nge2 a5 9. O-O Bd7 10. Nf4 Bd6 11. f3 Bxf4 12. gxf4 Qc8 13. e4 Bh3 14. f5 Bxg2
15. Kxg2 Re8 16. Bg5 dxe4 17. Bxf6 exf3+ 18. Rxf3 gxf6 19. Rg3+ Kh8 20. Qh5 Rg8
21. Qxf7 Qf8 22. Qxb7 Na6 23. Qxc6 Qh6 24. Qf3 Rab8 25. Qf2 Nb4 26. Rd1 Qh5 27.
Rd2 Qf7 28. d5 Rbd8 29. Qc5 Qd7 30. Qxa5 Qd6 31. a3 Nc6 32. Qb6 Qf4 33. Rf2
Qxf2+ 1-0

[Event "Rochefort 2017 - Master - 18/2/17 - 24/2"]
[Site "Palais des Congrès"]
[Date "2017.02.18"]
[Round "3.4"]
[White "Enchev, Ivajlo"]
[Black "Le Ruyet, Leopold"]
[Result "1-0"]
[WhiteElo "2464"]
[BlackElo "2303"]
[PlyCount "65"]
[EventDate "2017.??.??"]

1. d4 Nf6 2. c4 e6 3. Nf3 Bb4+ 4. Bd2 Bxd2+ 5. Qxd2 d5 6. Nc3 O-O 7. e3 Qe7 8.
cxd5 exd5 9. Bd3 c6 10. O-O Nbd7 11. Rab1 Re8 12. b4 b5 13. a4 a6 14. a5 Nf8
15. Ne5 Bd7 16. f4 Ne6 17. Ne2 Nd8 18. Nc1 Ng4 19. h3 Nxe5 20. fxe5 f6 21. Qc2
fxe5 22. Bxh7+ Kh8 23. Bg6 Rg8 24. Nd3 e4 25. Ne5 Qg5 26. Rf4 Be8 27. Qf2 Bxg6
28. Qh4+ Qh6 29. Nxg6+ Kh7 30. Nf8+ Kh8 31. Rbf1 Nf7 32. Rxf7 Qxh4 33. Ng6+ 1-0

[Event "Rochefort 2017 - Master - 18/2/17 - 24/2"]
[Site "Palais des Congrès"]
[Date "2017.02.18"]
[Round "3.5"]
[White "Haub, Thorsten Michael"]
[Black "Velten, Paul"]
[Result "0-1"]
[WhiteElo "2397"]
[BlackElo "2456"]
[PlyCount "60"]
[EventDate "2017.??.??"]

1. g3 d5 2. Bg2 Nf6 3. d3 e5 4. Nd2 c6 5. e4 Bd6 6. Ngf3 O-O 7. O-O Re8 8. b3
Nbd7 9. Bb2 a5 10. a3 dxe4 11. dxe4 Qc7 12. Qe2 b6 13. Rfd1 Ba6 14. c4 Nc5 15.
Ne1 Rad8 16. Bh3 Bf8 17. Rab1 b5 18. b4 axb4 19. axb4 Rxd2 20. Qxd2 Ncxe4 21.
Qc2 bxc4 22. Nf3 c3 23. Bc1 Bc4 24. Bg5 Qb6 25. Be3 Qb5 26. Bf1 Bxf1 27. Rxf1
Bxb4 28. Qb3 c5 29. Bxc5 Qxc5 30. Qxb4 c2 0-1

[Event "Rochefort 2017 - Master - 18/2/17 - 24/2"]
[Site "Palais des Congrès"]
[Date "2017.02.18"]
[Round "3.6"]
[White "Inkiov, Ventzislav"]
[Black "Berard, Serge"]
[Result "1-0"]
[WhiteElo "2447"]
[BlackElo "1957"]
[PlyCount "57"]
[EventDate "2017.??.??"]

1. d4 d5 2. Nf3 Nc6 3. c4 e5 4. Nxe5 Nxe5 5. dxe5 dxc4 6. Qa4+ c6 7. Qxc4 Qa5+
8. Nc3 Qxe5 9. Bf4 Qe6 10. Qd4 Nf6 11. e4 Be7 12. Be2 O-O 13. O-O b6 14. Bf3
Bb7 15. Rad1 Rfe8 16. e5 c5 17. Qd3 Rad8 18. Bxb7 Rxd3 19. Rxd3 Nh5 20. Bd2
Qxe5 21. Bc6 Rc8 22. Bd7 Qb8 23. Bxc8 Qxc8 24. Re1 Bf8 25. Nd5 Nf6 26. Nxf6+
gxf6 27. Bc3 Qc6 28. Rg3+ Bg7 29. Bxf6 1-0

[Event "Rochefort 2017 - Master - 18/2/17 - 24/2"]
[Site "Palais des Congrès"]
[Date "2017.02.18"]
[Round "3.7"]
[White "Leriche, Ines"]
[Black "Daulyte, Deimante"]
[Result "0-1"]
[WhiteElo "1941"]
[BlackElo "2447"]
[PlyCount "53"]
[EventDate "2017.??.??"]

1. d4 Nf6 2. c4 e6 3. Nc3 Bb4 4. e3 O-O 5. Nge2 c6 6. a3 Ba5 7. b4 Bc7 8. Ng3
d5 9. Bd3 Nbd7 10. O-O dxc4 11. Bxc4 e5 12. dxe5 Nxe5 13. Be2 a5 14. Bb2 axb4
15. axb4 Rxa1 16. Qxa1 Qe7 17. b5 Re8 18. Rc1 Nfg4 19. Nce4 Qh4 20. h3 Nxf2 21.
Kxf2 f5 22. Nd2 f4 23. exf4 Qxf4+ 24. Nf3 Nxf3 25. Bxf3 Bb6+ 26. Kf1 Qxf3+ 27.
gxf3 0-1